We're Gonna Get Sued! Quiz Stats

Quiz Updated May 6, 2013

Challenge
Share
Tweet
Embed
Score 0/20 Timer 05:00
2 Plays Today
Lawsuit Movie % Correct
Galactic Empire v. Interstellar Deathstar CorporationStar Wars
93.7%
1985 Marty McFly v. 2015 Marty McFlyBack to the Future Part II
93.4%
Darling v. HookPeter Pan
90.1%
Estate of Wicked Witch of the East v. GaleThe Wizard of Oz
88.8%
Kirk v. KhanStar Trek II
87.7%
Napier v. Wayne EnterprisesBatman
87.4%
Occupational Health and Safety Administration v. Daily PlanetSuperman
78.9%
Royal Humane Society v. De Vil101 Dalmatians
78.1%
Heirs of Smaug v. Thorin, King under the MountainThe Hobbit
72.5%
Dursley v. Zoological Society of LondonHarry Potter and the Sorcerers Stone
68.7%
Lawsuit Movie % Correct
Tumnus v. White WitchThe Lion, the Witch and the Wardrobe
67.2%
Holly McClane v. Nakatomi CorporationDie Hard
66.3%
Bowman v. HAL Laboratories2001: A Space Odyssey
64.6%
Sedgewick Hotel v. Venkman, Stantz & Spengler, et. alGhostbusters
57.7%
Alabama Bar Association v. Vincent GambiniMy Cousin Vinny
51.7%
Short Round v. Lao Che Air FreightIndiana Jones and the Temple of Doom
51%
Kimble v. SykesThe Fugitive
45.8%
Malcolm v. International Genetics Corp.Jurassic Park
22.4%
Bomburst, Baron v. Caractacus PottsChitty Chitty Bang Bang
13.1%
Blaine v. FerrariCasablanca
13%

You're not logged in!

Compare scores with friends on all Sporcle quizzes.
Sign Up with Email
OR
Log In

You Might Also Like...

Show Comments

Extras

Top Quizzes Today


Score Distribution

Your Account Isn't Verified!

In order to create a playlist on Sporcle, you need to verify the email address you used during registration. Go to your Sporcle Settings to finish the process.